[Event "November Leisure Chess"]
[Site "SchemingMind.com"]
[Date "2009.11.30"]
[Round "-"]
[White "Secco"]
[Black "Phillip Beckett"]
[Result "0-1"]
[WhiteCountry "USA"]
[BlackCountry "ENG"]
[WhiteElo "1247"]
[WhiteRD "131"]
[BlackElo "1664"]
[BlackRD "64"]
[GameID "228650"]

1. e4 e5 2. Nf3 Nc6 3. Bc4 Nf6 4. d3 Be7 5. O-O d6 6. Bg5 h6 7. Bh4 O-O 8. Nc3 Nh7 9. Nd5 Bxh4 10. g3 Be7
11. b4 Bg5 12. b5 Nb8 13. Nxg5 Nxg5 14. a4 Bh3 15. Re1 c6 16. bxc6 bxc6 17. Ne3 Qf6 18. Nf5 Bxf5 19. exf5 Qxf5 20. h4 Nf3+
21. Kf1 Nxe1 22. Qxe1 Nd7 23. Rb1 Rab8 24. Rd1 Nb6 25. Qb4 d5 26. Bb3 Nc4 27. Qe7 Ne3+
0-1

[Event "November Leisure Chess"]
[Site "SchemingMind.com"]
[Date "2009.11.29"]
[Round "-"]
[White "Emanuel-57"]
[Black "Phillip Beckett"]
[Result "1-0"]
[WhiteCountry "SWE"]
[BlackCountry "ENG"]
[WhiteElo "1638"]
[WhiteRD "134"]
[BlackElo "1664"]
[BlackRD "64"]
[GameID "228651"]

1. Nf3 Nf6 2. d4 d5 3. e3 e6 4. a3 c5 5. dxc5 Bxc5 6. b4 Bb6 7. Bb2 Nc6 8. c4 dxc4 9. Qxd8+ Bxd8 10. Bxc4 O-O
11. Nbd2 Bc7 12. Bxf6 gxf6 13. Rc1 a6 14. O-O Bd7 15. Bb3 Rac8 16. Ne4 Kg7 17. Nc5 Be8 18. Nxb7 Bb6 19. Nd6 Bd7 20. Nxc8 Rxc8
21. Ba4 Nb8 22. Bxd7 Rxc1 23. Rxc1 Nxd7 24. Rc6 Kf8 25. Nd2 Ke8 26. Nc4 Ba7 27. Rxa6 Bb8 28. Ra8 Ke7 29. a4 Kd8 30. Ra5 Bc7
31. Rh5
1-0

[Event "November Leisure Chess"]
[Site "SchemingMind.com"]
[Date "2009.12.01"]
[Round "-"]
[White "olavax"]
[Black "lame wolf"]
[Result "1-0"]
[WhiteCountry "FRA"]
[BlackCountry "INT"]
[WhiteElo "1717"]
[WhiteRD "94"]
[BlackElo "1055"]
[BlackRD "45"]
[GameID "228855"]

1. e4 g5 2. Nc3 h6 3. b3 Bg7 4. Bb2 e6 5. Nge2 d6 6. Ng3 e5 7. Bc4 Be6 8. Bd5 Bxd5 9. Nxd5 Ne7 10. Nxe7 Qxe7
11. Nf5 Qf8 12. d4 Nd7 13. Qg4 f6 14. O-O-O Qf7 15. Rd3 h5 16. Qd1 b6 17. g3 g4 18. f4 Qe7 19. Nxe7 Kxe7 20. dxe5 fxe5
21. Rf1 Raf8 22. f5 Bf6 23. Ba3 Kf7 24. Bxd6 cxd6 25. Rxd6 Nc5 26. Qd5+ Kg7 27. b4 Na4 28. Rd7+ Kh6 29. Qd2+ Bg5 30. Rd6+ Rf6
31. Rxf6+ Kg7 32. Qxg5+
1-0

[Event "November Leisure Chess"]
[Site "SchemingMind.com"]
[Date "2009.11.30"]
[Round "-"]
[White "olavax"]
[Black "XTC"]
[Result "0-1"]
[WhiteCountry "FRA"]
[BlackCountry "COL"]
[WhiteElo "1544"]
[WhiteRD "92"]
[BlackElo "1857"]
[BlackRD "56"]
[GameID "228856"]

1. e4 e5 2. Nf3 Nc6 3. Bc4 d6 4. h3 Nf6 5. d3 a6 6. c3 b5 7. Bb3 Be7 8. Nbd2 O-O 9. O-O Bb7 10. Bc2 d5
11. Re1 b4 12. d4 bxc3 13. bxc3 exd4 14. cxd4 dxe4 15. Nxe4 Nb4 16. Bb1 Nxe4 17. Bxe4 Bxe4 18. Rxe4 Bf6 19. a4 c5 20. Ba3 a5
21. Rc1 Qd5 22. Qe2 cxd4
0-1

[Event "November Leisure Chess"]
[Site "SchemingMind.com"]
[Date "2009.11.30"]
[Round "-"]
[White "olavax"]
[Black "Phillip Beckett"]
[Result "1/2-1/2"]
[WhiteCountry "FRA"]
[BlackCountry "ENG"]
[WhiteElo "1717"]
[WhiteRD "94"]
[BlackElo "1664"]
[BlackRD "64"]
[GameID "228857"]

1. e4 e5 2. Nf3 Nc6 3. Bc4 Nf6 4. O-O Be7 5. c3 d6 6. d3 O-O 7. Re1 h6 8. Nbd2 Bg4 9. Nf1 Nh7 10. Ng3 Ng5
11. Re3 Nxf3+ 12. gxf3 Bd7 13. Nh5 Bg5 14. Re2 Bxc1 15. Qxc1 Qg5+ 16. Qxg5 hxg5 17. Kf1 Bh3+ 18. Ke1 g4 19. f4 g6 20. f5 gxh5
21. Kd2 Kg7 22. Rg1 f6 23. Re3 Na5 24. Rxh3 Nxc4+ 25. dxc4 Kh6 26. Rhg3 a5 27. f3 Rg8 28. Ke2 gxf3+ 29. Kxf3 Kh7 30. a4 Rxg3+
31. Rxg3 Rg8 32. Rxg8 Kxg8 33. h4 Kf7 34. Ke3 Ke7 35. Kd3 c5 36. Ke3=
1/2-1/2

[Event "November Leisure Chess"]
[Site "SchemingMind.com"]
[Date "2009.12.01"]
[Round "-"]
[White "olavax"]
[Black "somar96"]
[Result "0-1"]
[WhiteCountry "FRA"]
[BlackCountry "POL"]
[WhiteElo "1544"]
[WhiteRD "92"]
[BlackElo "1863"]
[BlackRD "57"]
[GameID "228858"]

1. e4 d5 2. d4 dxe4 3. f3 exf3 4. Nxf3 Nf6 5. Bc4 e6 6. O-O Be7 7. Nc3 O-O 8. b3 a6 9. Bd3 b5 10. Qe2 Bb7
11. Bb2 Nbd7 12. Rad1 b4 13. Ne4 Nxe4 14. Bxe4 Bxe4 15. Qxe4 Nf6 16. Qd3 h6 17. Ne5 Qd5 18. c4 bxc3 19. Qxc3 c5 20. dxc5 Qxc5+
21. Qxc5 Bxc5+ 22. Bd4 Bxd4+ 23. Rxd4 Rfd8 24. Rfd1 Rxd4 25. Rxd4 Nd5 26. Rc4 f6 27. Nd3 Kf7 28. Kf2 Ke7 29. Kf3 Kd6 30. Ke4 g5
0-1

[Event "November Leisure Chess"]
[Site "SchemingMind.com"]
[Date "2009.12.01"]
[Round "-"]
[White "olavax"]
[Black "Secco"]
[Result "1-0"]
[WhiteCountry "FRA"]
[BlackCountry "USA"]
[WhiteElo "1717"]
[WhiteRD "94"]
[BlackElo "1247"]
[BlackRD "131"]
[GameID "228859"]

1. e4 e5 2. Nf3 Nc6 3. Bc4 Nf6 4. O-O Bc5 5. c3 Nxe4 6. d4 exd4 7. cxd4 O-O 8. dxc5 d6 9. cxd6 cxd6 10. Re1 a6
11. Rxe4 Bf5 12. Rf4 Qf6 13. Nh4 g5 14. Rxf5 Qh6 15. Bxg5 Qg7 16. Bf6 Qh6 17. Qg4+
1-0

[Event "November Leisure Chess"]
[Site "SchemingMind.com"]
[Date "2009.12.01"]
[Round "-"]
[White "olavax"]
[Black "Emanuel-57"]
[Result "0-1"]
[WhiteCountry "FRA"]
[BlackCountry "SWE"]
[WhiteElo "1630"]
[WhiteRD "93"]
[BlackElo "1722"]
[BlackRD "115"]
[GameID "228860"]

1. e4 c5 2. d4 cxd4 3. c3 d6 4. cxd4 Nf6 5. Nc3 e6 6. Bd3 Be7 7. Nge2 O-O 8. O-O Nbd7 9. b3 a6 10. f4 b5
11. e5 dxe5 12. fxe5 Nd5 13. Nxd5 exd5 14. Ng3 g6 15. Bh6 Re8 16. e6 fxe6 17. Qc2 Nf8 18. Rae1 Bg5 19. Bxf8 Rxf8 20. Qe2 Rf4
21. Rxf4 Bxf4 22. Rf1 Bxg3
0-1

[Event "November Leisure Chess"]
[Site "SchemingMind.com"]
[Date "2009.12.01"]
[Round "-"]
[White "lame wolf"]
[Black "olavax"]
[Result "0-1"]
[WhiteCountry "INT"]
[BlackCountry "FRA"]
[WhiteElo "1055"]
[WhiteRD "45"]
[BlackElo "1717"]
[BlackRD "94"]
[GameID "228861"]

1. Nf3 d5 2. d4 Nc6 3. e3 Bf5 4. Bd3 Bxd3 5. Qxd3 Nf6 6. O-O e6 7. Bd2 Bd6 8. c4 dxc4 9. Qxc4 O-O 10. b3 Nd5
11. Qe2 Nce7 12. Nc3 c5 13. Nxd5 Nxd5 14. Qe1 Nf6 15. b4 c4 16. Bc3 b5 17. a3 Ne4 18. a4 a6 19. a5 Qe7 20. Qb1 Nxc3
21. Qc2 Nd5 22. e4 Nxb4 23. Qe2 Rac8 24. e5 Bb8 25. Rfb1 Nd5 26. h3 Ba7 27. Rd1 Nc3 28. Qc2 Nxd1 29. Qxd1 c3 30. g4 Qb4
31. Qb1 Qxb1+ 32. Rxb1 c2
0-1

[Event "November Leisure Chess"]
[Site "SchemingMind.com"]
[Date "2009.12.01"]
[Round "-"]
[White "XTC"]
[Black "olavax"]
[Result "1-0"]
[WhiteCountry "COL"]
[BlackCountry "FRA"]
[WhiteElo "1818"]
[WhiteRD "48"]
[BlackElo "1702"]
[BlackRD "95"]
[GameID "228862"]

1. e4 e5 2. Nf3 Nc6 3. Bc4 Nf6 4. Ng5 d5 5. exd5 b5 6. Bf1 Qxd5 7. Nc3 Qd7 8. Bxb5 Ng4 9. Nxf7 Kxf7 10. Qf3+ Nf6
11. Bxc6 Bb7 12. Bxb7 Rb8 13. Bd5+ Ke7 14. d3 Qg4 15. Qxg4 Nxg4 16. Bg5+ Kd7 17. b3
1-0

[Event "November Leisure Chess"]
[Site "SchemingMind.com"]
[Date "2009.12.01"]
[Round "-"]
[White "Phillip Beckett"]
[Black "olavax"]
[Result "0-1"]
[WhiteCountry "ENG"]
[BlackCountry "FRA"]
[WhiteElo "1664"]
[WhiteRD "64"]
[BlackElo "1717"]
[BlackRD "94"]
[GameID "228863"]

1. e4 c6 2. d4 d5 3. Nd2 dxe4 4. Nxe4 Bf5 5. Ng3 Bg6 6. Nf3 h6 7. c3 e6 8. Bd3 Bxd3 9. Qxd3 Nf6 10. O-O Nbd7
11. Be3 c5 12. dxc5 Bxc5 13. Bxc5 Nxc5 14. Qxd8+ Rxd8 15. Rad1 O-O 16. Rfe1 Nd5 17. Nd4 Nf4 18. Nge2 Nfd3 19. Rf1 Nxb2 20. Rb1 Ncd3
21. Nb3 b6 22. Ned4 Rc8 23. f4 Rxc3 24. Nf3 Na4 25. Rfd1 Nxf4 26. Nfd4 Rfc8 27. Nb5 a5 28. h3 Rc2 29. Nd6 Rxg2+ 30. Kh1 Rcc2
31. Ne4 Rh2+ 32. Kg1 Nxh3+ 33. Kf1 Rh1#
0-1

[Event "November Leisure Chess"]
[Site "SchemingMind.com"]
[Date "2009.12.01"]
[Round "-"]
[White "somar96"]
[Black "olavax"]
[Result "1-0"]
[WhiteCountry "POL"]
[BlackCountry "FRA"]
[WhiteElo "1914"]
[WhiteRD "62"]
[BlackElo "1717"]
[BlackRD "94"]
[GameID "228864"]

1. e4 e5 2. Nf3 Nc6 3. d4 exd4 4. Nxd4 Bc5 5. Be3 Nxd4 6. Bxd4 Bxd4 7. Qxd4 Qe7 8. Nc3 c6 9. O-O-O Qg5+ 10. Kb1 Ne7
11. h4 Qg6 12. h5 Qf6 13. e5 Qg5 14. f4 Qg4 15. h6 g6 16. e6
1-0

[Event "November Leisure Chess"]
[Site "SchemingMind.com"]
[Date "2009.12.01"]
[Round "-"]
[White "Secco"]
[Black "olavax"]
[Result "1-0"]
[WhiteCountry "USA"]
[BlackCountry "FRA"]
[WhiteElo "1503"]
[WhiteRD "119"]
[BlackElo "1544"]
[BlackRD "92"]
[GameID "228865"]

1. e4 c6 2. d4 d5 3. Nc3 dxe4 4. Nxe4 Bf5 5. Bd3 Bxe4 6. Bxe4 e6 7. Nf3 Nf6 8. Qe2 Be7 9. O-O O-O 10. Ne5 Nxe4
11. Qxe4 Qd5 12. Qg4 Nd7 13. Bh6 Bf6 14. c4 Nxe5 15. dxe5 Qxe5 16. Rae1 Qd4 17. Re4 Qxb2 18. Rd1 Rfd8 19. g3 Rxd1+ 20. Qxd1 gxh6
21. Qg4+ Bg7 22. Qh5
1-0

[Event "November Leisure Chess"]
[Site "SchemingMind.com"]
[Date "2009.12.01"]
[Round "-"]
[White "Emanuel-57"]
[Black "olavax"]
[Result "1-0"]
[WhiteCountry "SWE"]
[BlackCountry "FRA"]
[WhiteElo "1638"]
[WhiteRD "134"]
[BlackElo "1717"]
[BlackRD "94"]
[GameID "228866"]

1. Nf3 d5 2. d4 c6 3. e3 Bf5 4. Nbd2 f6 5. c4 e6 6. a3 Qc7 7. b4 e5 8. dxe5 fxe5 9. cxd5 cxd5 10. Bb2 Bd6
11. Rc1 Qf7 12. Bxe5 Bxe5 13. Nxe5 Qf6 14. Bb5+ Nd7 15. Ndf3 Ne7 16. Rc7 Nc6 17. Nxc6 Qc3+ 18. Ke2 bxc6 19. Bxc6 Be4 20. Bxd7+
1-0

[Event "November Leisure Chess"]
[Site "SchemingMind.com"]
[Date "2009.12.01"]
[Round "-"]
[White "PeterLiberty"]
[Black "lame wolf"]
[Result "1-0"]
[WhiteCountry "USA"]
[BlackCountry "INT"]
[WhiteElo "1581"]
[WhiteRD "167"]
[BlackElo "1052"]
[BlackRD "44"]
[GameID "228986"]

1. e4 d5 2. exd5 Nf6 3. d4 Qxd5 4. Nc3 Qd8 5. Nf3 e6 6. Bg5 Be7 7. Bd3 b6 8. Qe2 Bb7 9. O-O Nd5 10. Bxe7 Nxe7
11. Rfe1 O-O 12. Ne5 Qxd4 13. Rab1 Qd8 14. Rbd1 Qe8 15. Be4 Bxe4 16. Qxe4 c6 17. f4 a6 18. Qf3 f5 19. Qd3 Ng6 20. Nxg6 Qxg6
21. Qd6 Qf7 22. Rxe6 Re8 23. Rde1 Nd7 24. Rxe8+ Rxe8 25. Rd1 g6 26. Qxc6 Kg7 27. Kf2 Re7 28. Nd5 Re6 29. Qc3+ Kh6 30. Rd3 Rd6
31. Rh3#
1-0

[Event "November Leisure Chess"]
[Site "SchemingMind.com"]
[Date "2009.12.02"]
[Round "-"]
[White "PeterLiberty"]
[Black "XTC"]
[Result "0-1"]
[WhiteCountry "USA"]
[BlackCountry "COL"]
[WhiteElo "1581"]
[WhiteRD "167"]
[BlackElo "1818"]
[BlackRD "48"]
[GameID "228987"]

1. e4 e5 2. Nf3 Nc6 3. Bb5 a6 4. Ba4 Nf6 5. Nc3 Bc5 6. O-O O-O 7. Re1 Re8 8. d3 b5 9. Bb3 h6 10. Ne2 d6
11. Ng3 Bg4 12. h3 Bxf3 13. Qxf3 Nd4 14. Qd1 Nxb3 15. axb3 a5 16. Bd2 c6 17. b4 axb4 18. Rxa8 Qxa8 19. Be3 Bxe3 20. Rxe3 Qa2
21. b3 Qb2 22. Nf5 Ra8 23. Kh2 Ra1 24. Qd2 Qb1 25. Kg3 Qh1 26. Nh4 c5 27. f3 Nh5+ 28. Kg4 g6 29. Re2 Qh2
0-1

[Event "November Leisure Chess"]
[Site "SchemingMind.com"]
[Date "2009.12.01"]
[Round "-"]
[White "PeterLiberty"]
[Black "olavax"]
[Result "1-0"]
[WhiteCountry "USA"]
[BlackCountry "FRA"]
[WhiteElo "1560"]
[WhiteRD "119"]
[BlackElo "1630"]
[BlackRD "93"]
[GameID "228988"]

1. e4 e5 2. Nf3 Nc6 3. Bb5 a6 4. Ba4 b5 5. Bb3 Nf6 6. Nc3 d6 7. O-O Be7 8. Re1 O-O 9. d4 exd4 10. Nxd4 Bb7
11. Bg5
1-0

[Event "November Leisure Chess"]
[Site "SchemingMind.com"]
[Date "2009.12.01"]
[Round "-"]
[White "PeterLiberty"]
[Black "Phillip Beckett"]
[Result "0-1"]
[WhiteCountry "USA"]
[BlackCountry "ENG"]
[WhiteElo "1560"]
[WhiteRD "119"]
[BlackElo "1745"]
[BlackRD "62"]
[GameID "228989"]

1. e4 e5 2. Nf3 Nc6 3. Bb5 a6 4. Ba4 Nf6 5. Nc3 Be7 6. O-O b5 7. Bb3 d6 8. d4 exd4 9. Nxd4 Nxd4 10. Be3 Nxb3
11. axb3 Bb7 12. f3 O-O 13. b4 Nd7 14. b3 Bf6 15. Bd4 Bxd4+ 16. Qxd4 Qf6 17. Qd3 Ne5 18. Qe3 Ng6 19. Rad1 Qf4 20. Qxf4 Nxf4
21. Rfe1 Rfe8 22. Rd4 c5 23. Rxd6 cxb4 24. Nd1 Rad8 25. Rxd8 Rxd8 26. Ne3 Rd2 27. g3 Ne2+ 28. Kh1 Nc3 29. Kg1 Kf8 30. h3 g6
31. Nf1 Rxc2 32. Ne3 Re2 33. Rxe2 Nxe2+ 34. Kf2 Nc1 35. Nc2 Nxb3 36. Nxb4 a5 37. Nd3 a4 38. Nb4 a3 39. Ke3 a2 40. Nxa2 Ke7
41. Kd3 Kd6 42. Nb4 Kc5 43. Kc3 Na5 44. g4 Nc4 45. h4 f5 46. gxf5 gxf5 47. Nd3+ Kb6 48. Kb4 fxe4 49. Nc5 exf3 50. Nd3 Be4
51. Nf2 Bd5 52. h5 h6 53. Nd3 Nd2 54. Ne5 f2
0-1

[Event "November Leisure Chess"]
[Site "SchemingMind.com"]
[Date "2009.12.01"]
[Round "-"]
[White "PeterLiberty"]
[Black "somar96"]
[Result "0-1"]
[WhiteCountry "USA"]
[BlackCountry "POL"]
[WhiteElo "1560"]
[WhiteRD "119"]
[BlackElo "1896"]
[BlackRD "57"]
[GameID "228990"]

1. e4 d5 2. exd5 Qxd5 3. Nc3 Qd6 4. d4 Nf6 5. Nf3 a6 6. Be3 e6 7. Bc4 b5 8. Bb3 Bb7 9. O-O Nbd7 10. Qe2 Be7
11. Rad1 Nb6 12. Qd2 O-O 13. Bf4 Qd8 14. Qd3 h6 15. Rfe1 Re8 16. a3 Nbd5 17. Bg3 Rc8 18. Re5 Nxc3 19. Qxc3 Ne4 20. Qe1 Nxg3
21. fxg3 Bf6 22. Re2 Qd6 23. Ba2 c5 24. dxc5 Qxc5+ 25. Kh1 Rcd8 26. b4 Qb6 27. Red2 Rxd2 28. Qxd2 Rd8 29. Qe2 Rxd1+ 30. Qxd1 Qe3
31. Qe1 Qxa3 32. Qb1 Be4 33. Qb3 Qc1+
0-1

[Event "November Leisure Chess"]
[Site "SchemingMind.com"]
[Date "2009.12.02"]
[Round "-"]
[White "PeterLiberty"]
[Black "Secco"]
[Result "1-0"]
[WhiteCountry "USA"]
[BlackCountry "USA"]
[WhiteElo "1581"]
[WhiteRD "167"]
[BlackElo "1403"]
[BlackRD "119"]
[GameID "228991"]

1. e4 e5 2. Nf3 Nc6 3. Bb5 a6 4. Ba4 Nf6 5. Nc3 Bc5 6. O-O O-O 7. Re1 b5 8. Bb3 d6 9. d3 Bg4 10. Bg5 h6
11. Bd5 Qd7 12. Bxf6 gxf6 13. Bxc6 Qxc6 14. Nd5 Rae8 15. Nxf6+ Kh8 16. Nxe8 Rxe8 17. h3 Bh5 18. g4 Bg6 19. Qe2 Bb4 20. c3 Bc5
21. d4 Bxe4 22. Qxe4 d5 23. Qf5 f6 24. dxc5 Qxc5 25. Qxf6+ Kh7 26. Rxe5 Rc8 27. Re7+ Kg8 28. Qg7#
1-0

[Event "November Leisure Chess"]
[Site "SchemingMind.com"]
[Date "2009.12.01"]
[Round "-"]
[White "PeterLiberty"]
[Black "Emanuel-57"]
[Result "1-0"]
[WhiteCountry "USA"]
[BlackCountry "SWE"]
[WhiteElo "1691"]
[WhiteRD "111"]
[BlackElo "1635"]
[BlackRD "111"]
[GameID "228992"]

1. e4 c5 2. Nf3 d6 3. d4 cxd4 4. Nxd4 Nf6 5. Nc3 e6 6. Bg5 Be7 7. Bc4 O-O 8. O-O a6 9. f4 Nbd7 10. Re1 Qc7
11. Bb3 Re8 12. e5 dxe5 13. fxe5 Nxe5 14. Bf4 Nfd7 15. Nxe6 fxe6 16. Bxe6+ Kh8 17. Bxd7
1-0

[Event "November Leisure Chess"]
[Site "SchemingMind.com"]
[Date "2009.12.02"]
[Round "-"]
[White "lame wolf"]
[Black "PeterLiberty"]
[Result "0-1"]
[WhiteCountry "INT"]
[BlackCountry "USA"]
[WhiteElo "1052"]
[WhiteRD "44"]
[BlackElo "1581"]
[BlackRD "167"]
[GameID "228993"]

1. Nf3 c5 2. e4 d6 3. e5 e6 4. d4 Qb6 5. c3 f6 6. exf6 Nxf6 7. Nbd2 d5 8. dxc5 Bxc5 9. c4 O-O 10. Qe2 Bd7
11. Kd1 Nc6 12. Ke1 Nb4 13. b3 Nc2+ 14. Kd1 Nxa1 15. Ne5 Bxf2 16. Nxd7 Nxd7 17. Bb2 Bd4 18. Bxd4 Qxd4 19. Qxe6+ Rf7 20. Qe2 Raf8
21. Ke1 Nc2+ 22. Kd1 Ne3+ 23. Ke1 Qa1+
0-1

[Event "November Leisure Chess"]
[Site "SchemingMind.com"]
[Date "2009.12.02"]
[Round "-"]
[White "XTC"]
[Black "PeterLiberty"]
[Result "1-0"]
[WhiteCountry "COL"]
[BlackCountry "USA"]
[WhiteElo "1818"]
[WhiteRD "48"]
[BlackElo "1581"]
[BlackRD "167"]
[GameID "228994"]

1. e4 c5 2. Nf3 d6 3. d4 cxd4 4. Nxd4 Nf6 5. Nc3 g6 6. Be3 Bg7 7. f3 O-O 8. Qd2 Bd7 9. Bd3 Nc6 10. Nxc6 Bxc6
11. O-O a6 12. Ne2 Rc8 13. Nd4 Qc7 14. Nxc6 Qxc6 15. c3 Nd7 16. Rac1 Ne5 17. Be2 Nc4 18. Bxc4 Qxc4 19. b3 Qc6 20. c4 Qd7
21. Rfd1 Rfd8 22. Bb6 Re8 23. Be3 Qc6 24. c5 dxc5 25. Rxc5 Qe6 26. Rxc8 Rxc8 27. Qd7 Qxd7 28. Rxd7 e6 29. Rxb7 Be5 30. f4 Bg7
31. Ra7 Rc6 32. f5 exf5 33. Ra8+ Bf8 34. Bh6
1-0

[Event "November Leisure Chess"]
[Site "SchemingMind.com"]
[Date "2009.12.01"]
[Round "-"]
[White "olavax"]
[Black "PeterLiberty"]
[Result "0-1"]
[WhiteCountry "FRA"]
[BlackCountry "USA"]
[WhiteElo "1630"]
[WhiteRD "93"]
[BlackElo "1560"]
[BlackRD "119"]
[GameID "228995"]

1. e4 c5 2. d4 cxd4 3. c3 d3 4. Bxd3 d6 5. Nf3 Nf6 6. O-O g6 7. Nbd2 Bg7 8. Qc2 O-O 9. Nb3 a6 10. Bg5 Nc6
0-1

[Event "November Leisure Chess"]
[Site "SchemingMind.com"]
[Date "2009.12.01"]
[Round "-"]
[White "Phillip Beckett"]
[Black "PeterLiberty"]
[Result "1-0"]
[WhiteCountry "ENG"]
[BlackCountry "USA"]
[WhiteElo "1745"]
[WhiteRD "62"]
[BlackElo "1560"]
[BlackRD "119"]
[GameID "228996"]

1. e4 c5 2. Nf3 d6 3. d4 cxd4 4. Nxd4 Nf6 5. Nc3 g6 6. Be3 Bg7 7. Qd2 O-O 8. f3 b6 9. O-O-O Bb7 10. Bc4 Nbd7
11. Bb3 Nc5 12. h4 e6 13. g4 d5 14. exd5 exd5 15. h5 Nfd7 16. hxg6 fxg6 17. Bh6 Nxb3+ 18. Nxb3 Rxf3 19. Bxg7 Qe7 20. Bd4 Raf8
21. Rde1 Qf7 22. Nd1 Rf4 23. Be3 Rxg4 24. Qe2 Re4 25. Nc3 Rc4 26. Ref1 Qe7 27. Rxf8+ Nxf8 28. Bd4 Qxe2 29. Nxe2 Ne6 30. Nd2 Rc7
31. Be5 Rf7 32. Rf1 Rxf1+ 33. Nxf1 Ng5 34. Bb8 a6 35. Ba7 b5 36. Nfg3 Nf3 37. c3 Ne1 38. Kd1 Nd3 39. Kc2 Ne1+ 40. Kd2 Nf3+
41. Ke3 d4+ 42. Nxd4 Ne5 43. Ne4 Kf7 44. Nd6+ Kg7 45. Nxb7 h5 46. Nf3 Nxf3 47. Kxf3 g5 48. Be3 Kg6 49. Nc5 g4+ 50. Kg3 Kf5
51. Nxa6 Ke4 52. Bd4 Kd5 53. Kh4 Ke4 54. Kxh5 g3 55. Kg4 g2 56. Kg3
1-0

[Event "November Leisure Chess"]
[Site "SchemingMind.com"]
[Date "2009.12.01"]
[Round "-"]
[White "somar96"]
[Black "PeterLiberty"]
[Result "1-0"]
[WhiteCountry "POL"]
[BlackCountry "USA"]
[WhiteElo "1896"]
[WhiteRD "57"]
[BlackElo "1560"]
[BlackRD "119"]
[GameID "228997"]

1. e4 c5 2. Nf3 d6 3. d4 cxd4 4. Nxd4 Nf6 5. Nc3 g6 6. Be3 Bg7 7. Bc4 O-O 8. Bb3 Nc6 9. f3 Ne5 10. O-O b6
11. Qe2 Bb7 12. Rad1 Rc8 13. Kh1 Rc7 14. Nd5 Bxd5 15. exd5 Qd7 16. Rc1 Rfc8 17. c3 Qe8 18. Bg1 Ned7 19. Nc6 Nc5 20. c4 e6
21. Qd1 exd5 22. cxd5 Nfd7 23. Qc2 Ne5 24. Nxe5 Bxe5 25. Qd1 Bxb2 26. Rc2 Bg7 27. Re1 Qd8 28. Qe2 Bf8 29. Qb5 Nxb3 30. Rxc7 Nc5
31. Rxc8 Qxc8 32. Re8
1-0

[Event "November Leisure Chess"]
[Site "SchemingMind.com"]
[Date "2009.12.02"]
[Round "-"]
[White "Secco"]
[Black "PeterLiberty"]
[Result "1-0"]
[WhiteCountry "USA"]
[BlackCountry "USA"]
[WhiteElo "1451"]
[WhiteRD "119"]
[BlackElo "1560"]
[BlackRD "119"]
[GameID "228998"]

1. e4 c5 2. Nf3 d6 3. Bc4 Nf6 4. d3 g6 5. O-O Bg7 6. Nc3 O-O 7. Bg5 e6 8. e5 dxe5 9. Nxe5 Nbd7 10. Qe2 b6
11. Qf3 Nxe5 12. Qxa8 Qc7 13. Nb5 Qb7 14. Qxa7 Qxa7 15. Nxa7 Bb7 16. Rae1 Nxc4 17. dxc4 Nd7 18. Be7 Re8 19. Bg5 f6 20. Bf4 e5
21. Be3 f5 22. Nb5 e4 23. Rd1 Ne5 24. Nd6 Re7 25. Bg5 Rd7 26. a4 Nf7 27. Ne8 Rxd1 28. Rxd1 Nxg5 29. Rd7 Bc6 30. Rd8 Bxe8
31. Rxe8+ Bf8 32. b4 cxb4 33. c5 bxc5 34. a5 Kf7 35. Re5 Ne6 36. Rd5 Kf6 37. a6 Nc7 38. a7 Ke6 39. Rd8 Be7 40. Rc8
1-0

[Event "November Leisure Chess"]
[Site "SchemingMind.com"]
[Date "2009.12.01"]
[Round "-"]
[White "Emanuel-57"]
[Black "PeterLiberty"]
[Result "0-1"]
[WhiteCountry "SWE"]
[BlackCountry "USA"]
[WhiteElo "1635"]
[WhiteRD "111"]
[BlackElo "1691"]
[BlackRD "111"]
[GameID "228999"]

1. Nf3 c5 2. e3 Nf6 3. d4 cxd4 4. exd4 e6 5. a3 d5 6. Be2 Bd7 7. Bf4 Nc6 8. Nbd2 g6 9. c4 Bg7 10. b4 O-O
11. Rc1 Ne4 12. O-O Nxd4 13. Nxe4 Nxf3+ 14. Bxf3 dxe4 15. Bxe4 Bb2 16. Rb1 Bg7
0-1

[Event "November Leisure Chess"]
[Site "SchemingMind.com"]
[Date "2009.12.02"]
[Round "-"]
[White "Quux"]
[Black "Phillip Beckett"]
[Result "0-1"]
[WhiteCountry "SWE"]
[BlackCountry "ENG"]
[WhiteElo "1026"]
[WhiteRD "120"]
[BlackElo "1736"]
[BlackRD "60"]
[GameID "229133"]

1. e4 e5 2. f4 Qh4+ 3. g3 Qe7 4. Nf3 exf4 5. Nc3 fxg3 6. hxg3 d5 7. Nxd5 Qxe4+ 8. Qe2 Qxe2+ 9. Bxe2 Bd6 10. Rg1 Be6
0-1

[Event "November Leisure Chess"]
[Site "SchemingMind.com"]
[Date "2009.12.02"]
[Round "-"]
[White "Judgement"]
[Black "lame wolf"]
[Result "1-0"]
[WhiteCountry "USA"]
[BlackCountry "INT"]
[WhiteElo "1577"]
[WhiteRD "273"]
[BlackElo "1055"]
[BlackRD "45"]
[GameID "229194"]

1. e4 d5 2. exd5 Qxd5 3. Nc3 Qd8 4. d4 e6 5. Nf3 Bb4 6. Bd3 Bxc3+ 7. bxc3 b6 8. Be4 c6 9. Ne5 Bb7 10. Qg4 Qf6
11. Bg5 Nh6 12. Qh5 g6 13. Qxh6
1-0

[Event "November Leisure Chess"]
[Site "SchemingMind.com"]
[Date "2009.12.02"]
[Round "-"]
[White "lame wolf"]
[Black "Judgement"]
[Result "0-1"]
[WhiteCountry "INT"]
[BlackCountry "USA"]
[WhiteElo "1055"]
[WhiteRD "45"]
[BlackElo "1577"]
[BlackRD "273"]
[GameID "229203"]

1. g4 d5 2. h3 e5 3. Bg2 c6 4. e4 Nf6 5. g5 Nxe4 6. d3 Nxg5 7. f3 Ne6 8. Ne2 Qh4+ 9. Kd2 Qg5+ 10. Ke1 Qxg2
11. Kd2 Nd4 12. Rg1 Nxf3+ 13. Kc3 Nxg1 14. Qxg1 Qxe2 15. Nd2 d4+ 16. Kb3 Be6+ 17. c4 Qxd3+
0-1